| 000 | 00439nam a2200145Ia 4500 | ||
|---|---|---|---|
| 005 | 20250310064955.0 | ||
| 008 | 240331s9999 xx 000 0 und d | ||
| 082 |
_bRAG _26101 _a973 |
||
| 100 | _aRaghavan, P | ||
| 245 | 0 |
_a9/11: _bSoozhchi - Veezhchi - Meetchi |
|
| 260 |
_aChennai, _bKizhakku Pathippagam _c2004 |
||
| 300 | _a280 p., | ||
| 500 | _aA complete study of Al-Qaeda's attack on American targets on September 11, 2011. | ||
| 942 | _cL | ||
| 999 |
_c4651 _d4651 |
||